Los retablos de Pierres Picart en Irañeta (Navarra) / (Record no. 6712)

MARC details
000 -LEADER
campo de control de longitud fija 00959nam a2200241 i 4500
001 - NÚMERO DE CONTROL
campo de control C00006797c
005 - FECHA Y HORA DE LA ÚLTIMA TRANSACCIÓN
campo de control 20241029142740.0
008 - DATOS DE LONGITUD FIJA--INFORMACIÓN GENERAL
campo de control de longitud fija 940830s1975 sp f 000 0 spa d
080 ## - NÚMERO DE LA CLASIFICACIÓN DECIMAL UNIVERSAL
Número de la Clasificación Decimal Universal 73 Picart, Pierres
080 ## - NÚMERO DE LA CLASIFICACIÓN DECIMAL UNIVERSAL
Número de la Clasificación Decimal Universal 729.961.1:726.54(465.11 Irañeta)
100 1# - ENTRADA PRINCIPAL--NOMBRE DE PERSONA
Nombre de persona Andrés Ordax, Salvador (
Fechas asociadas al nombre 1941-)
9 (RLIN) 2104
245 14 - MENCIÓN DEL TÍTULO
Título Los retablos de Pierres Picart en Irañeta (Navarra) /
Mención de responsabilidad, etc. Salvador Andrés Ordax.
260 ## - PUBLICACIÓN, DISTRIBUCIÓN, ETC.
Lugar de publicación, distribución, etc. Valladolid :
Nombre del editor, distribuidor, etc. Universidad, Seminario de Estudios de Arte y Arqueología,
Fecha de publicación, distribución, etc. 1975.
300 ## - DESCRIPCIÓN FÍSICA
Extensión P. 259-268, [2] p. de lám. ;
Dimensiones 25 cm.
500 ## - NOTA GENERAL
Nota general Separata de: Boletín del Seminario de Estudios de Arte y Arqueología, t. XL y LXI, 1975.
600 14 - PUNTO DE ACCESO ADICIONAL DE MATERIA--NOMBRE DE PERSONA
Nombre de persona Picart, Pierres.
9 (RLIN) 5222
650 ## - PUNTO DE ACCESO ADICIONAL DE MATERIA--TÉRMINO DE MATERIA
Término de materia o nombre geográfico como elemento de entrada Retablos-
Subdivisión geográfica España-
-- Navarra.
9 (RLIN) 80587
651 #4 - PUNTO DE ACCESO ADICIONAL DE MATERIA--NOMBRE GEOGRÁFICO
Nombre geográfico Irañeta (Navarra, España)
9 (RLIN) 5223
710 2# - ENTRADA AGREGADA--NOMBRE DE ENTIDAD CORPORATIVA
Nombre de entidad corporativa o nombre de jurisdicción como elemento de entrada Universidad de Valladolid.
Unidad subordinada Seminario de Estudios de Arte y Arqueología.
9 (RLIN) 4235
852 42 - LOCALIZACIÓN
Número de control de estantería F-2674
Holdings
Estatus retirado Estado de pérdida Estado de daño No para préstamo Colección Biblioteca de origen Biblioteca actual Ubicación en estantería Fecha de adquisición Fuente de adquisición Total de préstamos Signatura topográfica completa Código de barras Visto por última vez Precio de reemplazo Tipo de ítem Koha
          Real Academia de la Bellas Artes de San Fernando Real Academia de la Bellas Artes de San Fernando Depósito 1 30/08/1994 A   F-2674 1007477 15/10/2024 15/10/2024 Fondo moderno

Powered by Koha